[Event "3eme Open International de La Fere"]
[Site "La Fere (FRA)"]
[Date "2004.??.??"]
[Round "9.31"]
[White "Trouville, Remi"]
[Black "Delescluse, Philippe"]
[Result "1/2-1/2"]
[WhiteElo "2063"]
[BlackElo "1880"]
[PlyCount "36"]
[EventDate "2004.??.??"]

1. e4 e6 2. d4 d5 3. Nd2 Nf6 4. e5 Nfd7 5. Bd3 c5 6. c3 Nc6 7. Ne2 Qb6 8. Nf3
cxd4 9. cxd4 f6 10. exf6 Nxf6 11. O-O Bd6 12. Re1 O-O 13. Nc3 Bd7 14. Na4 Qc7
15. Bg5 Ng4 16. Ne5 Ngxe5 17. dxe5 Nxe5 18. Rc1 Bc6 1/2-1/2

[Event "3eme Open International de La Fere"]
[Site "La Fere (FRA)"]
[Date "2004.??.??"]
[Round "9.32"]
[White "Lesot, Jeremy"]
[Black "Waquet, Frederic"]
[Result "0-1"]
[WhiteElo "1870"]
[BlackElo "2055"]
[PlyCount "22"]
[EventDate "2004.??.??"]

1. e4 e6 2. d4 d5 3. exd5 exd5 4. Bd3 Bd6 5. Ne2 Qh4 6. Be3 Nc6 7. c3 Bg4 8.
Qc2 Nge7 9. Nd2 f5 10. Bf4 Bxe2 11. Bxd6 Bxd3 0-1

[Event "3eme Open International de La Fere"]
[Site "La Fere (FRA)"]
[Date "2004.??.??"]
[Round "9.35"]
[White "Casier, Fabrice"]
[Black "Barnier, Christophe"]
[Result "1-0"]
[WhiteElo "1810"]
[BlackElo "2008"]
[PlyCount "63"]
[EventDate "2004.??.??"]

1. c4 c5 2. Nc3 Nc6 3. g3 g6 4. Bg2 Bg7 5. Nf3 Nf6 6. O-O O-O 7. Re1 e5 8. e4
d6 9. d3 h6 10. h3 Be6 11. Be3 Qd7 12. Kh2 Ne8 13. Nd2 f5 14. f4 Nd4 15. fxe5
dxe5 16. exf5 Bxf5 17. Nde4 Rc8 18. Rf1 b6 19. g4 Be6 20. Qd2 Kh7 21. Rxf8 Bxf8
22. Rf1 Bg7 23. g5 h5 24. Nf6+ Nxf6 25. gxf6 Bh8 26. Ne4 Nf5 27. Ng5+ Kh6 28.
Nxe6+ Nxe3 29. Qxe3+ Kh7 30. Ng5+ Kh6 31. Nf7+ Kh7 32. Qh6+ 1-0

[Event "3eme Open International de La Fere"]
[Site "La Fere (FRA)"]
[Date "2004.??.??"]
[Round "9.36"]
[White "Lapersonne, Patrick"]
[Black "Hutin, Evgueny"]
[Result "0-1"]
[WhiteElo "1490"]
[BlackElo "1900"]
[PlyCount "42"]
[EventDate "2004.??.??"]

1. Nf3 c5 2. g3 Nf6 3. Bg2 d5 4. d3 e6 5. O-O Nc6 6. c4 b6 7. Re1 Bb7 8. cxd5
exd5 9. d4 Be7 10. Nc3 O-O 11. e3 Qd7 12. Ne5 Qe6 13. Nf3 Rad8 14. a3 Ne4 15.
Qc2 h5 16. Nxe4 dxe4 17. Nd2 f5 18. Qc4 Qxc4 19. Nxc4 cxd4 20. exd4 Rxd4 21.
Nd2 Rfd8 0-1

[Event "3eme Open International de La Fere"]
[Site "La Fere (FRA)"]
[Date "2004.??.??"]
[Round "9.39"]
[White "Colnot, Cyril"]
[Black "Feryn, Alexandre"]
[Result "1/2-1/2"]
[WhiteElo "1880"]
[BlackElo "1630"]
[PlyCount "50"]
[EventDate "2004.??.??"]

1. d4 d5 2. Nc3 Nf6 3. Bg5 Nbd7 4. Nf3 e6 5. e3 c5 6. a3 c4 7. Be2 b6 8. O-O
Bb7 9. h3 a6 10. Qe1 Bd6 11. Rd1 Qc7 12. Nd2 h6 13. Bxf6 gxf6 14. f4 O-O-O 15.
Bf3 f5 16. a4 Rdg8 17. Ne2 Nf6 18. b3 c3 19. Nb1 Bb4 20. Nbxc3 Ne4 21. Bxe4
dxe4 22. Nd5 Bxe1 23. Nxc7 Bb4 24. c3 Bd6 25. Nxe6 fxe6 1/2-1/2